Normal view
MARC view
- SHILT, BERNARD A,WILSON, W. HARMAN
Entry Personal Name
001 - CONTROL NUMBER
- control field: 58594
003 - CONTROL NUMBER IDENTIFIER
- control field: NUST
005 - DATE AND TIME OF LATEST TRANSACTION
- control field: 20210628202156.0
008 - FIXED-LENGTH DATA ELEMENTS
- fixed length control field: 210628|| aca||aabn | a|a d
040 ## - CATALOGING SOURCE
- Original cataloging agency: NUST
- Transcribing agency: NUST
100 ## - HEADING--PERSONAL NAME
- Personal name: SHILT, BERNARD A,WILSON, W. HARMAN
670 ## - SOURCE DATA FOUND
- Source citation: Work cat.: (NUST): SHILT, BERNARD A,WILSON, W. HARMAN, THE SMALL BUSINESS COURSE 2 OPERATION, 1944
